MARC

LEADER 00000nam0a2200000 4500
001 169090
005 20231031163311.0
035 |a (RuTPU)RU\TPU\book\183426 
090 |a 169090 
100 |a 20091106d1955 km y0rusy50 ca 
101 0 |a rus 
102 |a RU 
105 |a y z 100zy 
200 1 |a Совещание по электрическим и физико-химическим свойствам твердых диэлектриков  |e тезисы докладов 24-29 сентября 1955 г.  |f Томский политехнический институт (ТПИ) ; Томский государственный университет (ТГУ), Сибирский физико-технический институт им. В. Д. Кузнецова (СФТИ) 
210 |a Томск  |d 1955 
215 |a 45 с. 
610 1 |a физика 
610 1 |a диэлектрики 
610 1 |a диэлектрическая проницаемость 
610 1 |a твердые диэлектрики 
610 1 |a физические свойства 
610 1 |a химические свойства 
610 1 |a пробой 
610 1 |a совещания 
610 1 |a труды учёных ТПУ 
675 |a 537.226(063)  |v 3 
712 0 2 |a Томский политехнический институт (ТПИ)  |c (1944-1991)  |2 stltpush  |3 (RuTPU)RU\TPU\col\1123 
712 0 2 |a Томский государственный университет (ТГУ)  |b Сибирский физико-технический институт им. В. Д. Кузнецова (СФТИ)  |2 stltpush  |3 (RuTPU)RU\TPU\col\861 
801 1 |a RU  |b 63413507  |c 20091106 
801 2 |a RU  |b 63413507  |c 20221214  |g RCR 
942 |c BK